LEADER 04055nam 22005895 450 001 9910154633603321 005 20230814232420.0 010 $a9780674973329 010 $a0674973321 010 $a9780674973299 010 $a0674973291 024 7 $a10.4159/9780674973299 035 $a(CKB)3710000000971626 035 $a(MiAaPQ)EBC4771936 035 $a(DE-B1597)487725 035 $a(OCoLC)1054879159 035 $a(OCoLC)966446332 035 $a(OCoLC)999354517 035 $a(DE-B1597)9780674973299 035 $a(Perlego)1133182 035 $a(EXLCZ)993710000000971626 100 $a20180924d2018 fg 101 0 $aeng 135 $aurcnu|||||||| 181 $2rdacontent 182 $2rdamedia 183 $2rdacarrier 200 12$aA new deal for China's workers? /$fCynthia Estlund 210 1$aCambridge, MA :$cHarvard University Press,$d[2018] 210 4$dİ2017 215 $a1 online resource (302 pages) $cillustrations 311 08$a9780674971394 311 08$a0674971396 320 $aIncludes bibliographical references and index. 327 $tFrontmatter --$tContents --$tPreface --$t1. Introduction --$t2. The Rise of China, and of Labor Protest, in the Reform Era --$t3. Who Speaks for China's Workers? The ACFTU and Labor NGOs --$t4. How Did the New Deal Resolve the American "Labor Question"? Bringing a Comparative Lens into Focus --$t5. Can China Regulate Its Way out of Labor Unrest? Rising Labor Standards and the Enforcement Gap --$t6. Can China Secure Labor Peace without Independent Unions? Strikes and Collective Bargaining with Chinese Characteristics --$t7. What Does Democracy Look Like in China? Reforming Grassroots Union Elections --$t8. Will Workers Have a Voice in the "Socialist Market Economy"? The Curious Revival of the Worker Congress System --$t9. Conclusion --$tNotes --$tIndex 330 $aChina's labor landscape is changing, and it is transforming the global economy in ways that we cannot afford to ignore. Once-silent workers have found their voice, organizing momentous protests, such as the 2010 Honda strikes, and demanding a better deal. China's leaders have responded not only with repression but with reforms. Are China's workers on the verge of a breakthrough in industrial relations and labor law reminiscent of the American New Deal? In A New Deal for China's Workers? Cynthia Estlund views this changing landscape through the comparative lens of America's twentieth-century experience with industrial unrest. China's leaders hope to replicate the widely shared prosperity, political legitimacy, and stability that flowed from America's New Deal, but they are irrevocably opposed to the independent trade unions and mass mobilization that were central to bringing it about. Estlund argues that the specter of an independent labor movement, seen as an existential threat to China's one-party regime, is both driving and constraining every facet of its response to restless workers. China's leaders draw on an increasingly sophisticated toolkit in their effort to contain worker activism. The result is a surprising mix of repression and concession, confrontation and cooptation, flaws and functionality, rigidity and pragmatism. If China's laborers achieve a New Deal, it will be a New Deal with Chinese characteristics, very unlike what workers in the West achieved in the last century. Estlund's sharp observations and crisp comparative analysis make China's labor unrest and reform legible to Western readers. 606 $aIndustrial relations$zChina 606 $aLabor policy$zChina 606 $aLabor unions$zChina 606 $aComparative industrial relations 615 0$aIndustrial relations 615 0$aLabor policy 615 0$aLabor unions 615 0$aComparative industrial relations. 676 $a331.0951 700 $aEstlund$b Cynthia$01220784 801 0$bDE-B1597 801 1$bDE-B1597 906 $aBOOK 912 $a9910154633603321 996 $aA new deal for China's workers$92827796 997 $aUNINA LEADER 04486oas 2201513 a 450 001 9910146887003321 005 20251106213014.0 011 $a1879-0720 035 $a(DE-599)ZDB1483522-8 035 $a(DE-599)1483522-8 035 $a(OCoLC)38945661 035 $a(CONSER) 2004233009 035 $a(CKB)954925568774 035 $a(EXLCZ)99954925568774 100 $a19980414a19939999 sy a 101 0 $aeng 135 $aurmnu|||||||| 181 $ctxt$2rdacontent 182 $cc$2rdamedia 183 $acr$2rdacarrier 200 10$aEuropean journal of pharmaceutical sciences 210 $a[Amsterdam] $cElsevier Science B.V 300 $aRefereed/Peer-reviewed 300 $aSome issues also have distinctive theme titles. 311 08$a0928-0987 517 3 $aPharmaceutical sciences 517 1 $aEJPS 531 0 $aEur. j. pharm. sci. 606 $aPharmacology, Experimental$vPeriodicals 606 $aPharmaceutical chemistry$vPeriodicals 606 $aPharmacokinetics$vPeriodicals 606 $aPharmaceutical technology$vPeriodicals 606 $aDrugs$vPeriodicals 606 $aTechnology, Pharmaceutical$vPeriodicals 606 $aChemistry, Pharmaceutical$vPeriodicals 606 $aPharmaceutical Preparations$vPeriodicals 606 $aPharmacokinetics$vPeriodicals 606 $aChemistry, Pharmaceutical 606 $aPharmacokinetics 606 $aTechnology, Pharmaceutical 606 $aPharmaceutical Preparations 606 $aPharmaceutical Preparations$vperiodicals 606 $aPharmacokinetics$vperiodicals 606 $aChemistry, Pharmaceutical$vperiodicals 606 $aTechnology, Pharmaceutical$vperiodicals 606 $aPharmacologie expe?rimentale$xPe?riodiques 606 $aPharmacologie expe?rimentale$vPe?riodiques 606 $aChimie pharmaceutique 606 $aPharmacocine?tique 606 $aTechniques pharmaceutiques 606 $aMe?dicaments 606 $aPharmacokinetics$2fast$3(OCoLC)fst01060250 606 $aPharmaceutical technology$2fast$3(OCoLC)fst01060211 606 $aPharmaceutical chemistry$2fast$3(OCoLC)fst01060115 606 $aDrugs$2fast$3(OCoLC)fst00898761 606 $aPharmacology, Experimental$2fast$3(OCoLC)fst01060280 606 $aPharmazie$2gnd 606 $aZeitschrift$2gnd 608 $aPeriodicals.$2fast 615 0$aPharmacology, Experimental 615 0$aPharmaceutical chemistry 615 0$aPharmacokinetics 615 0$aPharmaceutical technology 615 0$aDrugs 615 2$aTechnology, Pharmaceutical 615 2$aChemistry, Pharmaceutical 615 2$aPharmaceutical Preparations 615 2$aPharmacokinetics 615 2$aChemistry, Pharmaceutical. 615 2$aPharmacokinetics. 615 2$aTechnology, Pharmaceutical. 615 2$aPharmaceutical Preparations. 615 2$aPharmaceutical Preparations 615 2$aPharmacokinetics 615 2$aChemistry, Pharmaceutical 615 2$aTechnology, Pharmaceutical 615 6$aPharmacologie expe?rimentale$xPe?riodiques. 615 6$aPharmacologie expe?rimentale 615 6$aChimie pharmaceutique. 615 6$aPharmacocine?tique. 615 6$aTechniques pharmaceutiques. 615 6$aMe?dicaments. 615 7$aPharmacokinetics. 615 7$aPharmaceutical technology. 615 7$aPharmaceutical chemistry. 615 7$aDrugs. 615 7$aPharmacology, Experimental. 615 7$aPharmazie 615 7$aZeitschrift. 712 02$aEuropean Federation for Pharmaceutical Sciences 801 0$bOH1 801 1$bOH1 801 2$bOCL 801 2$bOCLCQ 801 2$bGUA 801 2$bOCLCQ 801 2$bU9S 801 2$bGUA 801 2$bOCLCQ 801 2$bOCLCO 801 2$bOCLCQ 801 2$bOCLCF 801 2$bOCLCQ 801 2$bDEFHM 801 2$bOCLCO 801 2$bOCLCA 801 2$bZ5A 801 2$bOCLCO 801 2$bOCLCA 801 2$bBUF 801 2$bAU@ 801 2$bOCLCO 801 2$bWYU 801 2$bAUD 801 2$bU3W 801 2$bVT2 801 2$bOCLCO 801 2$bOCLCA 801 2$bOCLCO 801 2$bDLC 801 2$bOCLCQ 801 2$bOCL 801 2$bOCLCA 801 2$bOCLCL 801 2$bOCLCQ 906 $aJOURNAL 912 $a9910146887003321 996 $aEuropean journal of pharmaceutical sciences$9795274 997 $aUNINA